Cavetown Discography Quiz - Statistics

General Stats
  • This quiz has been taken 286 times
  • The average score is 61 of 116
Answer Stats
Album Songs % Correct
Lemon Boy Lemon Boy
95%
Lemon Boy - Acappella Version
95%
Lemon Boy - Live at Hoxton Hall
95%
Boys Will Be Bugs
90%
Boys Will Be Bugs - Live at Hoxton Hall
90%
Home - Live at Hoxton Hall
90%
Devil Town
87%
Devil Town - Live at Hoxton Hall
87%
Home
83%
Animal Kingdom Juliet
83%
Juliet - Live at Hoxton Hall
83%
worm food worm food
82%
Cavetown Meteor Shower
81%
Singles This Is Home
81%
16 /04 / 16 (Jack's Song)
79%
888 - Live at Hoxton Hall
77%
Green
77%
Live at Hoxton Hall Green - Live at Hoxton Hall
77%
Sleepyhead Sweet Tooth
77%
Sleepyhead (Extras) Sweet Tooth - Demo
77%
888
76%
Dear
73%
Dear - Live at Hoxton Hall
73%
Banana Bread
71%
fall in love with a girl (feat. Beabadoobee)
68%
Fool
66%
frog
65%
Pigeon
65%
Hug All Ur Friends
64%
Sharpener
64%
1994
63%
Paul
61%
Talk to Me
61%
Talk to Me - Live at Hoxton Hall
61%
Feb 14
59%
Feb 14 - Live at Hoxton Hall
59%
Hazel
59%
juno
59%
Trying
59%
Man's Best Friend Idea of Her
58%
I Miss My Mum
58%
Snail (feat. Chloe Moriondo)
57%
Guilty
56%
Dear Just Add Water
56%
Just Add Water - Live at Hoxton Hall
56%
Poison
56%
Advice
54%
Advice - Live at Hoxton Hall
54%
laundry day
54%
Telescope
54%
Telescope - Demo
54%
wasabi
54%
10 Feet Tall
53%
Another One of Those Days
53%
Empty Bed
53%
It's U
53%
kill u
53%
Things That Make It Warm
53%
Things That Make It Warm - Live at Hoxton Hall
53%
Big Bowl in the Sky
52%
We're Alive
52%
grey space (feat. Chloe Moriondo)
51%
a kind thing to do (feat. Vic Fuentes)
50%
Everything is Temporary (Sticks and Stones)
50%
For You
50%
I'll Make Cereal
50%
Pyjama Pants
49%
Untitled V.2
49%
heart attack
47%
Ur Gonna Wish U Believed Me
47%
I Want to Meet Ur Dog
46%
Grocery Store
45%
better
44%
Smoke Signals (feat. Tessa Violet)
44%
Irrational
42%
Taking Care of Things
42%
Trenchh
42%
BG Noise
41%
Calpol
41%
Intermission
41%
Self Control
41%
16 / 04 / 16 Night Knuckles
40%
Sliipping Lately
40%
i swear to god
39%
Nostalgia in my BedRoom
39%
Waves - Piano
39%
Waves (Remix)
39%
Wishing Well
39%
LEMONS (with Cavetown)
38%
Snake & the Prairie dogs
37%
LavaIceRink
36%
Let Me Feel Low (feat. Miloe)
36%
Psychometry
36%
is your bedroom ceiling bored? (feat. Cavetown)
32%
Mum - Demo
32%
So Much
31%
Struck By Lightning (feat. Cavetown)
31%
hh
30%
Lullaby
27%
squares
27%
Teenage Dirtbag (feat. chloe moriondo)
27%
You've Got a Friend In Me
27%
Noise in my Head
26%
PJ Pants - Demo
26%
Somebody's Baby
25%
Trying Not To Cry (feat. Cavetown)
25%
y 13
25%
Homesick
24%
Was It Something I Said (feat. Cavetown)
24%
Sad Girl Summer (Cavetown Rework)
18%
Features Cut My Hair
16%
Sharpener's Calling Me Again (feat. Kina)
16%
Fall In Love With A Girl (feat. Orla Gartland)
6%
Slacker - Cavetown Version
6%
No matching quizzes found
Score Distribution
Percent of People with Each Score
Percentile by Number Answered
Your Score History
You have not taken this quiz